| 000 | 00592nam a22001811c 4500 | ||
|---|---|---|---|
| 001 | 020382081 | ||
| 008 | 160510s1944 gw |||| 000u ger d | ||
| 041 | _ager | ||
| 100 | 1 | _aOrlov, Nikolaj A. | |
| 245 | 0 | 0 |
_aBismarck und Katharina Orloff : _bein Idyll in der hohen Politik ; mit unveröffentlichten Briefen Bismarcks und der Fürstin Orloff nebst drei Bildnissen / _cFürst Nikolai Orloff |
| 264 |
_aMünchen : _bBeck, _c1944 |
||
| 300 | _aX, 174 S : 3 Abb | ||
| 600 | 0 | _aOrloff, Catherine | |
| 600 | 0 | _aBismarck, Otto von | |
| 942 | _cMG | ||
| 040 | _cRU-10907106 | ||
| 003 | RU-10907106 | ||
| 999 |
_c37711 _d37711 |
||